| 000 | 00785nam a2200229 a 4500 | ||
|---|---|---|---|
| 001 | 000015106 | ||
| 005 | 20240305082555.0 | ||
| 008 | 100201s2004 dr ac 001 0 spa d | ||
| 020 | _z999343390X | ||
| 040 |
_aDO-SdBNP _bspa _cBNPHU |
||
| 082 |
_a617.98 _bO87h |
||
| 100 | 1 |
_aOtero Cruz, Héctor _919641 |
|
| 245 | 1 | 0 |
_aHistoria de la cirugía pedríatrica dominicana / _cHéctor Otero Cruz ; prólogo Hugo Mendoza. |
| 260 |
_aSanto Domingo : _bMediabyte, _c2004. |
||
| 300 |
_a227 p. : _bil. ; retrs. ; _c24 cm. |
||
| 500 | _aIncluye índice onomástico. | ||
| 500 | _aIncluye nota al pie de página. | ||
| 650 | 4 |
_aCirugía infantil _xHistoria _zRepública Dominicana _934196 |
|
| 650 | 4 |
_aHospitales infantiles _934197 |
|
| 700 | 1 |
_aMendoza, Hugo, _epról. _919626 |
|
| 049 | _aBNPD | ||
| 999 |
_c14678 _d14678 |
||